The right way to write : how to write effective business letters, reports, memos and e-mail /

This book provides knowledges to help readers break free from negative habits and learn to write with purpose-so that they get the results they want.

Saved in:
Bibliographic Details
Main Author: Morris, Rupert.
Format: Book
Language:English
Published: London : Piatkus, 1998.
Subjects:
Tags: Add Tag
No Tags, Be the first to tag this record!
Institutions: Mạng thư viện Đại học Đà Nẵng
LEADER 01386cam a2200433 i 4500
001 000048906
003 8632
005 20060220155312.0
008 010326b1998 vm 000 eng
020 |a 0749918780 
040 |a IRC  |c IRC  |d IRC 
041 0 |a eng 
082 1 4 |a 808.6  |b MO-R 
100 1 |a Morris, Rupert. 
245 1 4 |a The right way to write :  |b how to write effective business letters, reports, memos and e-mail /  |c Rupert Morris. 
246 3 3 |a The right way to write :  |b how to write effective business letters, reports, memos and email. 
260 |a London :  |b Piatkus,  |c 1998. 
300 |a 198 p. ;  |c 21.5 cm. 
520 3 |a This book provides knowledges to help readers break free from negative habits and learn to write with purpose-so that they get the results they want. 
630 0 4 |a Letter writing. 
630 0 4 |a Commercial correspondence. 
630 0 4 |a Report writing. 
630 0 4 |a Memorandums. 
630 0 4 |a Electronic mail messages. 
650 0 4 |a Report writing. 
650 0 4 |a Letter writing. 
650 0 4 |a Commercial correspondence. 
650 0 4 |a Memorandums. 
650 0 4 |a Electronic mail messages. 
OWN |a DUT 
999 |a From the UDN01 
TYP |a Monograph 
TYP |a Printed language 
980 |a Mạng thư viện Đại học Đà Nẵng